000 00585nam a22001817a 4500
999 _c167895
_d167895
005 20190923122905.0
010 _aENG-126509
020 _c150.00
_a9789381841082
035 _aEN-110041
037 _bDBAD/PUB
082 _a230.42
100 _aVivekanand , Swami
245 _aMediation & Its Methods /
_cBy Swami Vivekanand
260 _aNew Delhi
_bGrapevine India Publishers
270 _bNew Delhi
_a16, Shanti Mohan House, Ansari Road,Darya Ganj
_e110002
_mgrapevineindiapublisher@gmail.com
300 _a165p.
_c20cm(pbk)
942 _2ddc
_cEN
_h230.42
_mVIV